Normal view
MARC view
- Jóvenes transexuales
Entry Materia
001 - NÚMERO DE CONTROL DEL REGISTRO
- campo de control: 48079
003 - IDENTIFICADOR DE NUMERO DE CONTROL
- campo de control: MX-MxUPN
005 - FECHA Y HORA DE LA ÚLTIMA TRANSACCIÓN
- campo de control: 20230306114704.0
008 - DATOS DE LONGITUD FIJA
- campo de control de longitud fija: 230306|| acn||babn | a|a d
040 ## - FUENTE DE LA CATALOGACIÓN
- Centro catalogador de origen: MX-MxUPN
- Lengua de catalogación: spa
- Agencia de transcripción: MX-MxUPN
046 ## - FECHAS CON CODIFICACIÓN ESPECIAL
- Fecha final para contenidos agregados: 2023
150 ## - ENCABEZAMIENTO - TEMÁTICO
- Término de materia o nombre geográfico como elemento inicial: Jóvenes transexuales
- Subdivisión geográfica: España
- Subdivisión de materia general: Condiciones sociales
- Subdivisión de forma: Congresos
670 ## - FUENTE EN LA QUE SE LOCALIZARON DATOS
- Cita de la fuente: Biblioteca del Congreso, 6 marzo 2023:
- Información localizada: (Transsexual youth -- May geo.)
670 ## - FUENTE EN LA QUE SE LOCALIZARON DATOS
- Cita de la fuente: Biblioteca Gregorio Torres Quintero, 6 marzo 2023:
- Información localizada: subdivisión general (Condiciones sociales) subdivisión de forma (Congresos)
902 ## - CATALOGADOR
- Catalogador: Víctor Ruiz/060323
